Super Mario Bros. - Any% Records - Statistics

General Stats
  • This quiz has been taken 4 times
  • The average score is 9 of 20
Answer Stats
Time Year Speedrunner Country % Correct
4m 57s 294ms 2018 andrewg USA
100%
4m 56s 462ms 2018 Kosmic USA
100%
4m 57s 743ms 2018 ImDangerous21 Antarctica
67%
4m 57s 693ms 2014 i_o_l Germany
67%
4m 56s 245ms 2018 somewes USA
67%
4m 57s 710ms 2017 AD2 Australia
33%
4m 57s 676ms 2017 Avid_Ames USA
33%
4m 56s 528ms 2017 darbian USA
33%
4m 57s 726ms 2018 DJ____AJ USA
33%
4m 57s 543ms 2018 eddiecatgaming USA
33%
4m 57s 826ms 2018 goofychocobo USA
33%
4m 57s 144ms 2018 GTAce99 USA
33%
4m 57s 610ms 2017 mav6771 USA
33%
4m 56s 961ms 2018 RoyLGamer USA
33%
4m 57s 593ms 2017 SoloQ USA
33%
4m 57s 776ms 2017 Sten Australia
33%
4m 56s 978ms 2017 StuckInAPlate USA
33%
4m 56s 978ms 2018 tavenwebb2002 USA
33%
4m 57s 593ms 2018 Tecate USA
33%
4m 57s 710ms 2018 youtubeman06 USA
33%
No matching quizzes found
Score Distribution
Percent of People with Each Score
Percentile by Number Answered
Your Score History
You have not taken this quiz